Le changement climatique (notice nᵒ 20406)
[ vue normale ]
| 000 -LEADER | |
|---|---|
| fixed length control field | 00497nam a2200169zi 4500 |
| 005 - DATE AND TIME OF LATEST TRANSACTION | |
| control field | 20180724062927.0 |
| 037 ## - SOURCE D'ACQUISITION | |
| Cote | BC_669 18 |
| Forme de support | Autres |
| 040 ## - SOURCE DU CATALOGAGE | |
| Origine cataloguage | BC-ENSA |
| Langue du catalogage | fre |
| 041 ## - CODE DE LANGUE | |
| Langue | Français |
| 100 ## - VEDETTE PRINCIPALE - AUTEUR PRINCIPAL | |
| Auteur | SCIAMA, Yves |
| 245 ## - MENTION DU TITRE | |
| Titre | Le changement climatique |
| Complément de titre | une nouvelle ère sur la terre |
| 260 ## - PUBLICATION, DIFFUSION, ETC. (ADRESSE BIBLIOGRAPHIQUE) | |
| Lieu d'édition | Paris |
| Nom de l'éditeur | Larousse |
| Année d'édition | 2005 |
| 300 ## - DESCRIPTION MATÉRIELLE | |
| Nombre de pages | 128 p. |
| Illustration | ill. |
| Format | 19 cm |
| 562 ## - NOTE D'IDENTIFICATION DES EXEMPLAIRES ET VERSIONS | |
| Numbre d' exemplaire | 01 exemplaire |
| 942 ## - ADDED ENTRY ELEMENTS (KOHA) | |
| Type document | Ouvrage |
| 653 ## - DESCRIPTEUR LIBRE | |
| Mots clés libres | CLIMAT/CHANGEMENT CLIMATIQUE/EFFET DE SERRE/IMPACT SUR L'ENVIRONNEMENT |
| statut de retrait | Statut | emplacement permanent | Localisation actuelle | Cote | code à barre | Koha type d'élément |
|---|---|---|---|---|---|---|
| Bibliothèque Centrale | Bibliothèque Centrale | BC_669 18 | BC_669 18 | Ouvrage |